000 00312nam a22001337a 4500
008 181203b xxu||||| |||| 00| 0 eng d
020 _a9780840396600
041 _aeng
080 _28th
_a573
100 _a11
101 _aBIO
245 _aBSCS Biology An Ecological Approach
_cCairney,W.J
942 _2udc
_cBK
999 _c52747
_d52747